| 000 | 01020nam a22003017a 4500 | ||
|---|---|---|---|
| 001 | 333 | ||
| 003 | FISKH | ||
| 005 | 20240716142443.0 | ||
| 008 | 230324b cb ||||| |||| 00| 0 eng d | ||
| 020 | _a9780439664745 | ||
| 040 |
_aDLC _cDLC _dDLC _dFISKH _beng |
||
| 042 | _alcac | ||
| 050 | 0 | 0 |
_aPZ7.L856 _bHo 2003 |
| 082 | 0 | 0 |
_a811.54 _221 |
| 100 | 1 | _aLong, Melinda. | |
| 245 | 1 | 0 |
_aHow I became a pirate / _cwritten by Melinda Long ; illustrated by David Shannon. |
| 250 | _aFirst scholastic printing | ||
| 260 |
_aNew York : _bScholastic. _c2004. |
||
| 300 |
_a36 unnumbered pages : _bcolor illustrations ; _c28 cm |
||
| 505 | _aH | ||
| 520 | _aJeremy Jacob joins Braid Beard and his pirate crew and finds out about pirate language, pirate manners, and other aspects of their life. | ||
| 521 | 8 |
_a470
_bLexile |
|
| 521 | 8 |
_aH
_bRaz-Plus |
|
| 650 | 1 |
_aPirates _vFiction. |
|
| 700 | 1 |
_aShannon, David, _d1959- _eillustrator |
|
| 906 |
_a7 _bcbc _corignew _d1 _eecip _f20 _gy-gencatlg |
||
| 942 |
_2ddc _cBK _n0 |
||
| 999 |
_c333 _d333 |
||